| 000 | 00477nam a2200169Ia 4500 | ||
|---|---|---|---|
| 003 | LDD | ||
| 008 | 190117s9999 xx 000 0 und d | ||
| 020 | _c₹30 | ||
| 040 | _cLDD | ||
| 041 | _ahi | ||
| 082 | _a8H8.709 नी 6612 रा | ||
| 100 | _aनीलकांत | ||
| 245 | 0 |
_aरामचन्द्र शुक्ल _cनीलकांत |
|
| 260 |
_aइलाहाबाद _bलोकभारती _c1985 |
||
| 300 | _a127प्र. | ||
| 942 |
_2ddc _cH |
||
| 999 |
_c162539 _d162539 |
||